Central Library OPAC University of Rajshahi

Wives and daughters / (Record no. 19658)

MARC details
000 -LEADER
fixed length control field 01252cam a22003731 4500
001 - CONTROL NUMBER
control field 19658
003 - CONTROL NUMBER IDENTIFIER
rucl marc code BD-RjUL
005 - DATE AND TIME OF LATEST TRANSACTION
control field 20211209000447.0
008 - FIXED-LENGTH DATA ELEMENTS--GENERAL INFORMATION
fixed length control field 140225r19681966enk 000 0 eng
020 ## - INTERNATIONAL STANDARD BOOK NUMBER
International Standard Book Number 0460011103
035 ## - SYSTEM CONTROL NUMBER
System control number (BD-RjUL)19718
System control number (OCoLC)1429725
040 ## - CATALOGING SOURCE
Original cataloging agency DLC
Transcribing agency NGH
Modifying agency OCoLC
-- FJUNF
-- Uk
-- DLC
-- BD-RjUL
Language of cataloging eng
041 ## - LANGUAGE CODE
Language code of text/sound track or separate title eng
082 04 - DEWEY DECIMAL CLASSIFICATION NUMBER
Classification number 823.8
Author mark and year GAW 1968
100 1# - MAIN ENTRY--PERSONAL NAME
Personal name Gaskell, Elizabeth Cleghorn,
Dates associated with a name 1810-1865
9 (RLIN) 60403
245 10 - TITLE STATEMENT
Title Wives and daughters /
Statement of responsibility, etc. by Mrs. Gaskell; introduction by Margaret Lane.
260 ## - PUBLICATION, DISTRIBUTION, ETC. (IMPRINT)
Place of publication, distribution, etc. London ;
Name of publisher, distributor, etc. Dent ;
Place of publication, distribution, etc. New York :
Name of publisher, distributor, etc. Dutton,
Date of publication, distribution, etc. 1966 [reprinted 1968].
300 ## - PHYSICAL DESCRIPTION
Pagination 622 p. ;
Size 19 cm.
650 #0 - SUBJECT ADDED ENTRY--TOPICAL TERM
Topical term or geographic name as entry element Children of physicians
Form subdivision Fiction.
9 (RLIN) 60404
Topical term or geographic name as entry element Fathers and daughters
Form subdivision Fiction.
9 (RLIN) 42370
Topical term or geographic name as entry element Social classes
Form subdivision Fiction.
9 (RLIN) 42546
Topical term or geographic name as entry element Stepfamilies
Form subdivision Fiction.
9 (RLIN) 60405
Topical term or geographic name as entry element Young women
Form subdivision Fiction.
9 (RLIN) 58750
651 #0 - SUBJECT ADDED ENTRY--GEOGRAPHIC NAME
Geographic name England
Form subdivision Fiction.
9 (RLIN) 60406
700 1# - ADDED ENTRY--PERSONAL NAME
Personal name Lane, Margaret.
942 ## - ADDED ENTRY ELEMENTS (KOHA)
Source of classification or shelving scheme Dewey Decimal Classification
Koha item type Books
Holdings
Lost status Source of classification or shelving scheme Damaged status Not for loan Collection code Permanent Location Current Location Shelving location Date acquired Source of acquisition Cost, normal purchase price Total Checkouts Full call number Date last seen Copy number Koha item type
  Dewey Decimal Classification   Not For Loan Fiction Central Library, University of Rajshahi Central Library, University of Rajshahi Reading Room 06/03/1970 Zeitlinger 18.00   823.8 GAW 1968 25/02/2014 C-1 Books